000 00584nam a2200193 a 4500
001 000012984
005 20200929163120.0
008 091118s1977 cr 001 j spa d
040 _aDO-SdBNP
_bspa
_cBNPHU
082 _aES863.42
_bS161c, 1977
100 1 _aSalarrué,
_q(Salvador Salazar Arrué),
_d1899-1975
_923754
245 1 0 _aCuentos de barro /
_cSalarrué.
250 _a3a ed.
260 _aCentroamérica :
_bEDUCA,
_c1977.
300 _a169, [4] p. ;
_c17cm.
650 4 _aCuentos salvadoreños
_92928
650 4 _aLiteratura salvadoreña
_ySIGLO XX
_914369
049 _aBNGR
999 _c12631
_d12631